000 00507nam a2200181Ia 4500
008 090124s9999 xx 000 0 und d
082 _b108360
100 _aपाटील दिनकर द
245 _a शंभर रुपये
250 _a1
260 _c1961
300 _a122
600 _aपाटील दिनकर द
630 _a शंभर रुपये
700 _aपाटील दिनकर द
730 _a शंभर रुपये
942 _cBOOK
999 _c154451
_d154451